[Event "4NCL Division Three West"]
[Site "Daventry, ENG"]
[Date "2023.01.14"]
[Round "3.22"]
[White "Girdlestone, Paul C"]
[Black "Baker, Chris W"]
[Result "1-0"]
[WhiteElo "2020"]
[BlackElo "2243"]
[PlyCount "51"]
[EventDate "2023.01.14"]
[WhiteTeam "Brown Jack"]
[BlackTeam "Warwickshire Select 1"]

1. e4 e6 2. b3 d5 3. Bb2 Nf6 4. e5 Nfd7 5. f4 c5 6. Nf3 Nc6 7. Bd3 g6 8. h4 Bh6
9. h5 Nb4 10. hxg6 Nxd3+ 11. cxd3 hxg6 12. Nc3 Ke7 13. Qe2 Bxf4 14. O-O-O b6
15. Nxd5+ exd5 16. Rxh8 Qxh8 17. e6 Nf6 18. exf7+ Kxf7 19. g3 Bd6 20. Ng5+ Kg8
21. Rf1 Bg4 22. Qg2 Rf8 23. Rxf6 Rxf6 24. Qxd5+ Kg7 25. Qf7+ Kh6 26. Bxf6 1-0

[Event "4NCL Division Three West"]
[Site "Daventry, ENG"]
[Date "2023.01.14"]
[Round "3.23"]
[White "Brooks, Phil J"]
[Black "Conterno, Dominique"]
[Result "1-0"]
[WhiteElo "2125"]
[BlackElo "1847"]
[PlyCount "77"]
[EventDate "2023.01.14"]
[WhiteTeam "Warwickshire Select 1"]
[BlackTeam "Brown Jack"]

1. d4 Nf6 2. c4 c5 3. d5 e6 4. Nc3 exd5 5. cxd5 d6 6. e4 g6 7. Bf4 a6 8. a4 Bg7
9. Nf3 O-O 10. Be2 Re8 11. Nd2 Qc7 12. O-O Nbd7 13. h3 Ne5 14. Be3 c4 15. Qc2
Bd7 16. f4 Nd3 17. Bxd3 cxd3 18. Qxd3 b5 19. axb5 axb5 20. Rxa8 Rxa8 21. Nxb5
Qb8 22. Na3 Qxb2 23. Nac4 Qa2 24. Bd4 Nh5 25. Bxg7 Nxg7 26. Rb1 Qa7+ 27. Qe3
Qxe3+ 28. Nxe3 Nh5 29. f5 gxf5 30. exf5 Kg7 31. Ndc4 Ra2 32. Nxd6 Re2 33. Rb7
Nf6 34. Ng4 Re7 35. Nxf6 Kxf6 36. Kf2 Ke5 37. Nc8 Re8 38. Rxd7 Rxc8 39. Rxf7
1-0

[Event "4NCL Division Three West"]
[Site "Daventry, ENG"]
[Date "2023.01.14"]
[Round "3.24"]
[White "Jones, Mark A"]
[Black "Page, Mark E"]
[Result "1/2-1/2"]
[WhiteElo "1843"]
[BlackElo "2145"]
[PlyCount "82"]
[EventDate "2023.01.14"]
[WhiteTeam "Brown Jack"]
[BlackTeam "Warwickshire Select 1"]

1. e4 c5 2. Nf3 Nf6 3. e5 Nd5 4. Nc3 e6 5. Nxd5 exd5 6. d4 Nc6 7. dxc5 Bxc5 8.
Qxd5 d6 9. exd6 Qb6 10. Qe4+ Be6 11. Qh4 Bxd6 12. Bd3 Nb4 13. O-O Nxd3 14. Qa4+
Qc6 15. Qxc6+ bxc6 16. cxd3 Kd7 17. Be3 Bd5 18. Nd2 Rhb8 19. b3 a5 20. Nc4 Bc7
21. Bc5 Re8 22. Rfe1 f6 23. f3 h5 24. Kf2 g5 25. g3 h4 26. Re3 Rxe3 27. Nxe3
Be6 28. Kg2 hxg3 29. hxg3 Rh8 30. Ng4 Bd8 31. Bd4 Rf8 32. Rh1 Bxg4 33. fxg4 Ke6
34. Rf1 Be7 35. Rf5 a4 36. bxa4 Rd8 37. Bb6 Rxd3 38. Rf3 Rd2+ 39. Rf2 Rd3 40.
Rf3 Rd2+ 41. Rf2 Rd3 1/2-1/2

[Event "4NCL Division Three West"]
[Site "Daventry, ENG"]
[Date "2023.01.14"]
[Round "3.25"]
[White "Shephard, Chris C W"]
[Black "Homer, Neil S"]
[Result "1-0"]
[WhiteElo "2194"]
[BlackElo "1568"]
[PlyCount "61"]
[EventDate "2023.01.14"]
[WhiteTeam "Warwickshire Select 1"]
[BlackTeam "Brown Jack"]

1. c4 e6 2. Nf3 d5 3. g3 c5 4. Bg2 Nc6 5. O-O Nf6 6. b3 Be7 7. Bb2 d4 8. e3 e5
9. exd4 exd4 10. d3 O-O 11. Re1 Bd6 12. a3 a5 13. Ng5 Bd7 14. Nd2 Re8 15. Nde4
Nxe4 16. Nxe4 Bf8 17. Bc1 f5 18. Ng5 Rxe1+ 19. Qxe1 Qe7 20. Bd5+ Kh8 21. Nf7+
Kg8 22. Bg5 Qxe1+ 23. Rxe1 Nb8 24. Nd6+ Kh8 25. Be7 Bxe7 26. Rxe7 Bc6 27. Nxb7
h6 28. Nxc5 Bxd5 29. cxd5 Na6 30. Ne6 Rc8 31. d6 1-0

[Event "4NCL Division Three West"]
[Site "Daventry, ENG"]
[Date "2023.01.14"]
[Round "3.26"]
[White "Fernando, Manel"]
[Black "Cooper, David M"]
[Result "1/2-1/2"]
[WhiteElo "1483"]
[BlackElo "2009"]
[PlyCount "75"]
[EventDate "2023.01.14"]
[WhiteTeam "Brown Jack"]
[BlackTeam "Warwickshire Select 1"]

1. d4 d5 2. Nf3 Nf6 3. Bf4 c5 4. e3 Nc6 5. c3 Qb6 6. Qc2 Bg4 7. Be2 Rc8 8. dxc5
Qxc5 9. h3 Bd7 10. Nbd2 e6 11. Rd1 Qb6 12. Qb1 Be7 13. O-O O-O 14. Bd3 Rfd8 15.
Nb3 Na5 16. Nbd4 Nc4 17. Nb3 Ba4 18. Bc2 a6 19. Ne5 h6 20. Rd4 Bb5 21. Nxc4
Bxc4 22. Rfd1 Nd7 23. Bg3 Bf6 24. R4d2 Ne5 25. Nd4 a5 26. e4 Nc6 27. Nxc6 bxc6
28. e5 Be7 29. Kh2 c5 30. f4 Rb8 31. b3 Ba6 32. Bf2 Qc6 33. Qc1 Bb7 34. Re1
Rbc8 35. Qb1 Rb8 36. Qc1 Rbc8 37. Qb1 Rb8 38. Qc1 1/2-1/2

[Event "4NCL Division Three West"]
[Site "Daventry, ENG"]
[Date "2023.01.14"]
[Round "3.31"]
[White "Khoury, Theo"]
[Black "Pozimski, Szymon"]
[Result "1/2-1/2"]
[WhiteElo "2064"]
[BlackElo "1968"]
[PlyCount "207"]
[EventDate "2023.01.14"]
[WhiteTeam "West is Best 2"]
[BlackTeam "Oxford 2"]

1. e4 d5 2. exd5 Qxd5 3. Nc3 Qd8 4. d4 Nf6 5. Nf3 Bg4 6. h3 Bxf3 7. Qxf3 c6 8.
g4 e6 9. g5 Nd5 10. Ne4 Nb4 11. Qe2 Qxd4 12. c3 Qd5 13. a3 N4a6 14. Bg2 Qb3 15.
Bf4 Nd7 16. Nd6+ Bxd6 17. Bxd6 Nac5 18. Rd1 O-O-O 19. O-O e5 20. Qe3 Qb6 21. b4
Ne6 22. Qg3 h6 23. gxh6 Rxh6 24. Bxe5 Rg6 25. Qh2 Nxe5 26. Qxe5 Rg5 27. Qe3
Rxd1 28. Rxd1 Qxe3 29. fxe3 Re5 30. Kf2 Ng5 31. c4 Kc7 32. h4 Ne4+ 33. Kf3 Nd6
34. c5 Nf5 35. Kf4 f6 36. Bh3 Ne7 37. e4 Ng6+ 38. Ke3 Re7 39. h5 Ne5 40. Kf4
Nc4 41. Rd3 b6 42. cxb6+ axb6 43. Bf5 b5 44. Rg3 Kb6 45. Rd3 Ra7 46. Rd7 Rxd7
47. Bxd7 Kc7 48. Be8 Nd6 49. Bg6 Kd7 50. e5 fxe5+ 51. Kxe5 Nc4+ 52. Kd4 Nb6 53.
Bf5+ Kd6 54. Bc2 Nd5 55. Be4 Nf4 56. Bf3 Ne6+ 57. Kc3 c5 58. bxc5+ Kxc5 59. Be2
Nd4 60. Bd1 Nf5 61. Bc2 Ne3 62. Bd3 Nd5+ 63. Kb2 b4 64. axb4+ Nxb4 65. Kc3 Nd5+
66. Kd2 Kd4 67. Bg6 Ke5 68. Bf7 Ne7 69. Ke3 Kf5 70. h6 gxh6 71. Kf3 Kg5 72. Kg3
Nf5+ 73. Kh3 Nd6 74. Be6 h5 75. Bd7 Nc4 76. Be8 h4 77. Bd7 Nb6 78. Be6 Na4 79.
Bc8 Nc3 80. Bd7 Nd5 81. Bc8 Nf4+ 82. Kh2 Kf6 83. Bg4 Ke5 84. Bc8 Ke4 85. Bd7
Ke5 86. Bc8 Ke4 87. Bd7 Ke5 88. Bc8 Kf6 89. Bg4 Kg5 90. Bc8 Ne2 91. Bd7 Nd4 92.
Bc8 Nf3+ 93. Kg2 Kf4 94. Bd7 Ne5 95. Bc8 Nd3 96. Bd7 Nc5 97. Bc8 Kg5 98. Kh2
Kf4 99. Kg2 Nd3 100. Bd7 Kg5 101. Bc8 Ne5 102. Be6 Nd3 103. Bd7 Ne5 104. Be6
1/2-1/2

[Event "4NCL Division Three West"]
[Site "Daventry, ENG"]
[Date "2023.01.14"]
[Round "3.32"]
[White "Murawski, Jan"]
[Black "Saunders, Aron"]
[Result "0-1"]
[WhiteElo "1974"]
[BlackElo "2052"]
[PlyCount "92"]
[EventDate "2023.01.14"]
[WhiteTeam "Oxford 2"]
[BlackTeam "West is Best 2"]

1. d4 d5 2. c4 c6 3. Nc3 Nf6 4. Nf3 dxc4 5. a4 Bf5 6. Ne5 Nbd7 7. Nxc4 Qc7 8.
g3 e5 9. dxe5 Nxe5 10. Bf4 Nfd7 11. Nxe5 Nxe5 12. e4 Rd8 13. Qe2 Be6 14. Bg2
Bd6 15. O-O Bc4 16. Qh5 Bxf1 17. Rxf1 O-O 18. Bxe5 Bxe5 19. f4 Bd4+ 20. Kh1 Qb6
21. e5 Bxc3 22. bxc3 Qe3 23. Qg4 Rfe8 24. Qh4 Rd2 25. f5 Rxe5 26. f6 Rf2 27.
Rg1 Rxf6 28. Qb4 Qb6 29. Qg4 Rfe6 30. Qd1 Re8 31. Rf1 Qc7 32. Qb3 Re1 33. Qc4
Rxf1+ 34. Bxf1 Qe5 35. Qa2 Qe4+ 36. Kg1 Qe3+ 37. Kg2 Rd8 38. Qb3 Rd2+ 39. Kh3
Qh6+ 40. Kg4 Qg6+ 41. Kf3 Qf5+ 42. Ke3 Qf2+ 43. Ke4 Qxf1 44. Qxb7 f5+ 45. Ke5
Rd5+ 46. Ke6 Qe1# 0-1

[Event "4NCL Division Three West"]
[Site "Daventry, ENG"]
[Date "2023.01.14"]
[Round "3.33"]
[White "Freeland, Alex"]
[Black "Davis, Cameron"]
[Result "1-0"]
[WhiteElo "2093"]
[BlackElo "1935"]
[PlyCount "69"]
[EventDate "2023.01.14"]
[WhiteTeam "West is Best 2"]
[BlackTeam "Oxford 2"]

1. d4 d5 2. c4 e6 3. Nc3 Nf6 4. cxd5 exd5 5. Bg5 c6 6. e3 Bd6 7. Bd3 O-O 8.
Nge2 Re8 9. Qd2 Na6 10. f3 Nb4 11. Bb1 h6 12. Bh4 Ne4 13. fxe4 Qxh4+ 14. g3 Qg5
15. a3 Na6 16. Nf4 Nc7 17. Rf1 Bf8 18. Ba2 Be6 19. Qf2 Qe7 20. Nxe6 fxe6 21.
Kd2 Rad8 22. e5 Rd7 23. Ne2 c5 24. Nf4 cxd4 25. exd4 Qg5 26. h4 Qg4 27. Bb3 g6
28. Bd1 Qf5 29. Bc2 Qg4 30. Bxg6 Ree7 31. Bh5 Qf5 32. g4 Qh7 33. Nxd5 Rf7 34.
Bxf7+ Rxf7 35. Qxf7+ 1-0

[Event "4NCL Division Three West"]
[Site "Daventry, ENG"]
[Date "2023.01.14"]
[Round "3.34"]
[White "Dhoot, Rishit"]
[Black "Taylor, William J"]
[Result "1-0"]
[WhiteElo "2002"]
[BlackElo "2072"]
[PlyCount "89"]
[EventDate "2023.01.14"]
[WhiteTeam "Oxford 2"]
[BlackTeam "West is Best 2"]

1. e4 d6 2. d4 Nf6 3. Nc3 e5 4. Nge2 Be7 5. f3 O-O 6. Be3 c6 7. Qd2 Nbd7 8. g4
Nb6 9. Ng3 exd4 10. Bxd4 d5 11. exd5 Nfxd5 12. Nce4 f5 13. gxf5 Bxf5 14. Nxf5
Rxf5 15. Bh3 Bh4+ 16. Kd1 Nc4 17. Qd3 Nde3+ 18. Ke2 c5 19. Bxe3 Nxe3 20. Qxd8+
Rxd8 21. Kxe3 Re5 22. Rad1 Rde8 23. Rd7 h5 24. Kd3 c4+ 25. Kxc4 Rf8 26. Bg2
Rc8+ 27. Kd3 Rb5 28. b3 Ra5 29. a4 b5 30. axb5 Rxb5 31. Ra1 a5 32. Ra4 Rc6 33.
Rc4 Rg6 34. Bh3 Rg1 35. Rcc7 Rb8 36. Rb7 Rf8 37. Be6+ Kh8 38. Rf7 Re8 39. Bc4
Be1 40. Rbd7 Rg2 41. Kd4 h4 42. Kd5 Rg8 43. Kc6 Rxh2 44. Nf6 Rc8+ 45. Kb7 1-0

[Event "4NCL Division Three West"]
[Site "Daventry, ENG"]
[Date "2023.01.14"]
[Round "3.35"]
[White "Homer, Stephen J"]
[Black "Jackson, Gary C"]
[Result "1-0"]
[WhiteElo "2034"]
[BlackElo "1928"]
[PlyCount "79"]
[EventDate "2023.01.14"]
[WhiteTeam "West is Best 2"]
[BlackTeam "Oxford 2"]

1. e4 c5 2. Nf3 d6 3. d4 cxd4 4. Nxd4 Nf6 5. Nc3 g6 6. g3 Bg7 7. Bg2 O-O 8. O-O
a6 9. a4 Qc7 10. Nd5 Nxd5 11. exd5 Nd7 12. Re1 Ne5 13. h3 Re8 14. b3 Qc3 15.
Be3 h6 16. Ra2 Kh7 17. Ne2 Qa5 18. f4 Nd7 19. Kh2 Nf6 20. c4 Bd7 21. Bd2 Qc5
22. a5 Bf5 23. Bc3 Ng8 24. Bxg7 Kxg7 25. Qd4+ Qxd4 26. Nxd4 Bd7 27. Rc1 Rac8
28. b4 Rc7 29. c5 dxc5 30. bxc5 Rec8 31. c6 bxc6 32. dxc6 Rd8 33. Rd1 Bc8 34.
Nf5+ Bxf5 35. Rxd8 Nf6 36. Rd4 Ne8 37. Rb2 Nd6 38. Rb6 Bc8 39. Rxd6 exd6 40.
Rb7 1-0

[Event "4NCL Division Three West"]
[Site "Daventry, ENG"]
[Date "2023.01.14"]
[Round "3.36"]
[White "Wedge, David C"]
[Black "Turner, Lewis A"]
[Result "1-0"]
[WhiteElo "1900"]
[BlackElo "2040"]
[PlyCount "71"]
[EventDate "2023.01.14"]
[WhiteTeam "Oxford 2"]
[BlackTeam "West is Best 2"]

1. e4 c5 2. Nc3 Nc6 3. g3 g6 4. Bg2 Bg7 5. d3 d6 6. f4 e6 7. Be3 Nge7 8. Nf3
O-O 9. Qd2 Rb8 10. O-O Nd4 11. Nd1 b5 12. c3 Nxf3+ 13. Bxf3 Qc7 14. d4 c4 15.
g4 f5 16. gxf5 exf5 17. e5 d5 18. Qg2 Be6 19. Bf2 Qd7 20. Bh4 Nc8 21. Ne3 Nb6
22. Qg5 Rf7 23. Qg2 a5 24. a3 Qc6 25. Bg5 Rfb7 26. Kh1 Rd7 27. Rg1 Bf7 28. Rae1
Qe6 29. Bh4 Kh8 30. Nxf5 Qxf5 31. Bg4 Qxf4 32. Ref1 Qh6 33. Bxd7 Nxd7 34. Bg5
Qh5 35. Rxf7 Nb6 36. Rf3 1-0

[Event "4NCL Division Three West"]
[Site "Daventry, ENG"]
[Date "2023.01.14"]
[Round "3.41"]
[White "Finn, Peter"]
[Black "Mossong, Hubert"]
[Result "1-0"]
[WhiteElo "2221"]
[BlackElo "2061"]
[PlyCount "81"]
[EventDate "2023.01.14"]
[WhiteTeam "CSC/Kingston 1"]
[BlackTeam "Ashfield 1"]

1. d4 d6 2. e4 Nf6 3. Nc3 c6 4. Nf3 Bg4 5. h3 Bh5 6. g4 Bg6 7. Qe2 e6 8. h4 h5
9. g5 Nfd7 10. Bh3 Be7 11. d5 cxd5 12. exd5 e5 13. O-O O-O 14. Ne1 f6 15. Kh1
f5 16. f4 e4 17. Be3 Qa5 18. Ng2 Na6 19. a3 Be8 20. b4 Qd8 21. Nb5 g6 22. c4
Nc7 23. Nxa7 Qb8 24. Qf2 Rf7 25. a4 Bf8 26. Nb5 Nxb5 27. axb5 Bg7 28. Bd4 b6
29. Rxa8 Qxa8 30. Ra1 Qc8 31. Bxg7 Rxg7 32. Ne3 Nf8 33. Qa2 Rb7 34. Bf1 Nd7 35.
Kg1 Kf7 36. Nc2 Nb8 37. Nd4 Bd7 38. Qb2 Kg8 39. Ra8 Kh7 40. Nc6 Qc7 41. Qf6 1-0

[Event "4NCL Division Three West"]
[Site "Daventry, ENG"]
[Date "2023.01.14"]
[Round "3.42"]
[White "Mercs, Peter J"]
[Black "Farrand, Tom"]
[Result "0-1"]
[WhiteElo "2069"]
[BlackElo "2146"]
[PlyCount "134"]
[EventDate "2023.01.14"]
[WhiteTeam "Ashfield 1"]
[BlackTeam "CSC/Kingston 1"]

1. e4 c5 2. Nf3 e6 3. d4 cxd4 4. Nxd4 Nf6 5. Nc3 Nc6 6. Be2 Bb4 7. Nxc6 bxc6 8.
Bd3 d5 9. exd5 exd5 10. O-O O-O 11. Bg5 Be7 12. h3 Be6 13. Ne2 h6 14. Bh4 Rb8
15. Nd4 Qd7 16. Re1 c5 17. Nxe6 fxe6 18. b3 Bd6 19. c4 Bc7 20. cxd5 exd5 21.
Rc1 Rb4 22. Bxf6 Rxf6 23. Qe2 Rb8 24. Qe7 Qd6 25. Qxd6 Bxd6 26. Re2 a5 27. Rce1
Kf7 28. Bc2 Rd8 29. Rd1 Bc7 30. g3 a4 31. Kg2 Ba5 32. Rd3 d4 33. Rd1 Re6 34.
Rxe6 Kxe6 35. Bd3 a3 36. Bc4+ Kd6 37. Kf3 Re8 38. h4 Re5 39. g4 Bc3 40. h5 Re8
41. Rg1 Re5 42. Rd1 Ba5 43. Bd3 Kc6 44. Be4+ Kb5 45. Bd3+ Kc6 46. Be4+ Kd6 47.
Bd3 Kd5 48. Bc4+ Kc6 49. Bd3 Bc3 50. Be4+ Kb5 51. Bd3+ Kb4 52. Be4 Re8 53. Rc1
c4 54. bxc4 Kxc4 55. Rd1 Rb8 56. Bd3+ Kb4 57. Rb1+ Bb2 58. Re1 Kc3 59. Rd1 Bc1
60. Be4 Bd2 61. Bb1 d3 62. Kg3 Re8 63. f4 Re1 64. Rxe1 Bxe1+ 65. Kf3 d2 66. Ke2
Kb2 67. Be4 Kc1 0-1

[Event "4NCL Division Three West"]
[Site "Daventry, ENG"]
[Date "2023.01.14"]
[Round "3.43"]
[White "Frostick, Clive A"]
[Black "Naylor, Michael A"]
[Result "1-0"]
[WhiteElo "2127"]
[BlackElo "1974"]
[PlyCount "119"]
[EventDate "2023.01.14"]
[WhiteTeam "CSC/Kingston 1"]
[BlackTeam "Ashfield 1"]

1. e4 e5 2. Nc3 Nc6 3. Nf3 Nf6 4. d4 exd4 5. Nxd4 Bb4 6. Nxc6 bxc6 7. Bd3 d5 8.
exd5 cxd5 9. O-O O-O 10. h3 c6 11. Qf3 Rb8 12. Bf4 Bd6 13. b3 Rb4 14. Bxd6 Qxd6
15. Qg3 Qxg3 16. fxg3 Be6 17. Na4 Nd7 18. Rae1 Rbb8 19. g4 g6 20. Rf2 Kg7 21.
Rc1 c5 22. c4 d4 23. Re1 Rfc8 24. Be4 Rc7 25. Nb2 Nb6 26. Nd3 a5 27. Nf4 a4 28.
Bc2 axb3 29. axb3 Bxc4 30. bxc4 Nxc4 31. Nd5 Ra7 32. Bd3 Nb2 33. Bf1 c4 34. Rb1
c3 35. Rc2 Rc8 36. Nb4 Ra4 37. Nd3 Nc4 38. Rbc1 Ne3 39. Re2 Nc4 40. Kf2 Rca8
41. Nc5 Rb4 42. Nd3 Rb6 43. Re4 Rf6+ 44. Kg1 Rd8 45. Be2 Nd2 46. Rf4 Re6 47.
Bf1 Re3 48. Rd1 c2 49. Rxd2 Rxd3 50. Rxc2 Rd1 51. Rc7 Rf8 52. Rd7 Kg8 53. Rfxd4
Ra1 54. Kf2 f5 55. Bc4+ Kh8 56. Rd8 Ra8 57. Rxa8 Rxa8 58. gxf5 gxf5 59. Be6 Rf8
60. Rf4 1-0

[Event "4NCL Division Three West"]
[Site "Daventry, ENG"]
[Date "2023.01.14"]
[Round "3.44"]
[White "Garnett, John S"]
[Black "Rice, Chris B"]
[Result "1/2-1/2"]
[WhiteElo "1942"]
[BlackElo "1978"]
[PlyCount "113"]
[EventDate "2023.01.14"]
[WhiteTeam "Ashfield 1"]
[BlackTeam "CSC/Kingston 1"]

1. d4 Nf6 2. Bg5 c6 3. Bxf6 exf6 4. e3 d5 5. c4 dxc4 6. Bxc4 Bd6 7. Ne2 O-O 8.
O-O Nd7 9. Nbc3 f5 10. Rc1 Nf6 11. d5 b5 12. Bb3 b4 13. Nb1 cxd5 14. Nd4 g6 15.
Nc6 Qd7 16. Qd4 Bb7 17. Nxb4 a5 18. Nd3 a4 19. Bd1 Ne4 20. Nc3 Nxc3 21. Rxc3
Rfe8 22. Bf3 Qb5 23. Rd1 Rad8 24. Rc2 Bf8 25. Be2 Re4 26. Qf6 Be7 27. Qc3 Rc4
28. Qd2 Rxc2 29. Qxc2 Qc4 30. Qxc4 dxc4 31. Ne5 Rxd1+ 32. Bxd1 c3 33. bxc3 Bf6
34. Nd7 Bxc3 35. Bxa4 Bd5 36. Bb3 Bc6 37. Nb6 Kf8 38. Kf1 Ba5 39. Nc4 Bb5 40.
Ke2 Bxc4+ 41. Bxc4 Ke7 42. f3 f6 43. Kd3 Bc7 44. h3 f4 45. e4 Kd6 46. Bg8 h6
47. Kc4 Kc6 48. Bd5+ Kd7 49. Kc5 Bd6+ 50. Kb6 Ba3 51. Kb5 g5 52. Bf7 Kd6 53.
Kc4 Kc6 54. Kb3 Bc1 55. a4 Kc5 56. Be8 Bd2 57. Kc2 1/2-1/2

[Event "4NCL Division Three West"]
[Site "Daventry, ENG"]
[Date "2023.01.14"]
[Round "3.45"]
[White "Amato, Giampiero"]
[Black "Flynn, David"]
[Result "1-0"]
[WhiteElo "1940"]
[BlackElo "1915"]
[PlyCount "33"]
[EventDate "2023.01.14"]
[WhiteTeam "CSC/Kingston 1"]
[BlackTeam "Ashfield 1"]

1. c4 c5 2. g3 g6 3. Bg2 Bg7 4. Nc3 Nc6 5. a3 d6 6. Rb1 a5 7. Nf3 e5 8. O-O
Nge7 9. d3 O-O 10. Ne1 Be6 11. Nd5 Rb8 12. Bg5 f6 13. Bd2 b6 14. Nc2 Qd7 15. b4
axb4 16. axb4 Bh3 17. b5 1-0

[Event "4NCL Division Three West"]
[Site "Daventry, ENG"]
[Date "2023.01.14"]
[Round "3.51"]
[White "Clarke, Connor"]
[Black "Valentine, Brian J"]
[Result "1-0"]
[WhiteElo "2107"]
[BlackElo "1937"]
[PlyCount "55"]
[EventDate "2023.01.14"]
[WhiteTeam "Chessable White Rose 3"]
[BlackTeam "MK Phoenix 2"]

1. d4 Nf6 2. Bg5 e6 3. Nd2 h6 4. Bh4 Be7 5. e3 b6 6. Bd3 Bb7 7. Ngf3 O-O 8. Qe2
c5 9. c3 d5 10. Ne5 Nc6 11. f4 Nxe5 12. fxe5 Ne4 13. Bxe7 Qxe7 14. Bxe4 dxe4
15. O-O f5 16. exf6 Rxf6 17. Rxf6 gxf6 18. Nxe4 Kh7 19. Ng3 Rg8 20. Rf1 Rg6 21.
Qd3 f5 22. e4 fxe4 23. Nxe4 Kg7 24. Ng3 Qg5 25. dxc5 Qxc5+ 26. Kh1 Qd5 27. Nh5+
Qxh5 28. Qd7+ 1-0

[Event "4NCL Division Three West"]
[Site "Daventry, ENG"]
[Date "2023.01.14"]
[Round "3.52"]
[White "Singleton, Luke"]
[Black "Arnott, Jonathan W"]
[Result "0-1"]
[WhiteElo "1825"]
[BlackElo "2063"]
[PlyCount "116"]
[EventDate "2023.01.14"]
[WhiteTeam "MK Phoenix 2"]
[BlackTeam "Chessable White Rose 3"]

1. e4 e6 2. d4 d5 3. exd5 exd5 4. Nf3 Bd6 5. Bd3 Nc6 6. O-O Bg4 7. Be3 Qd7 8.
Nbd2 Nge7 9. c3 h5 10. h4 Nf5 11. Bxf5 Qxf5 12. Qb3 O-O-O 13. Ng5 Qg6 14. Kh1
f6 15. Ngf3 Ne7 16. Qa4 Kb8 17. c4 Nf5 18. c5 Bg3 19. c6 Nxe3 20. Qb3 b6 21.
Qxe3 Rhe8 22. Qc3 Bd6 23. b4 Qf5 24. a4 Re2 25. b5 Rde8 26. a5 Bxf3 27. Nxf3
Qc2 28. Qxc2 Rxc2 29. Kg1 Ree2 30. a6 Bb4 31. Rab1 Bc3 32. Rb3 Kc8 33. g3 Kd8
34. Kg2 Ke7 35. Ng1 Re4 36. Rd1 Kd6 37. Nf3 Ree2 38. Rf1 Ba5 39. Ng1 Re4 40.
Nf3 Rc4 41. Rd1 Re2 42. Ng1 Ra2 43. Nf3 Rcc2 44. Rf1 Bc3 45. Kg1 g6 46. Kg2 Ke6
47. Kg1 Kf5 48. Kg2 Ke4 49. Rbb1 Kd3 50. Ne1+ Bxe1 51. Rbxe1 Re2 52. Kf3 Re4
53. Re3+ Kxd4 54. Rd1+ Ke5 55. Rxd5+ Kxd5 56. Rxe4 Rxf2+ 57. Kxf2 Kxe4 58. Ke2
g5 0-1

[Event "4NCL Division Three West"]
[Site "Daventry, ENG"]
[Date "2023.01.14"]
[Round "3.53"]
[White "Edwards-Wright, Miles D"]
[Black "Whiteside, Robert"]
[Result "1-0"]
[WhiteElo "2056"]
[BlackElo "1832"]
[PlyCount "81"]
[EventDate "2023.01.14"]
[WhiteTeam "Chessable White Rose 3"]
[BlackTeam "MK Phoenix 2"]

1. b3 d5 2. Bb2 Nf6 3. Nf3 c5 4. d3 Nc6 5. Nbd2 Bf5 6. g3 e6 7. Bg2 Be7 8. h3
h6 9. O-O O-O 10. e3 Qc7 11. Nh4 Bh7 12. f4 Nd7 13. e4 Bf6 14. Bxf6 Nxf6 15. e5
Nd7 16. Re1 Rae8 17. a3 f6 18. exf6 Rxf6 19. Bxd5 Kf8 20. Qh5 Nd4 21. Rac1 Nf5
22. Rxe6 Rexe6 23. Bxe6 Rxe6 24. Nxf5 Nf6 25. Nxg7 Kxg7 26. Qf3 Qe7 27. Kf2 b5
28. g4 Qd7 29. Rg1 Qd4+ 30. Kf1 Nd5 31. g5 Qxf4 32. gxh6+ Kxh6 33. Qxf4+ Nxf4
34. Rg4 Rf6 35. Ke1 Bg6 36. Ne4 Rf5 37. Kd2 Rf8 38. Nxc5 Nd5 39. Rh4+ Bh5 40.
Ne4 Rf1 41. Rxh5+ 1-0

[Event "4NCL Division Three West"]
[Site "Daventry, ENG"]
[Date "2023.01.14"]
[Round "3.54"]
[White "Matthews, Adrian M S"]
[Black "Li, Harry"]
[Result "0-1"]
[WhiteElo "1779"]
[BlackElo "2099"]
[PlyCount "94"]
[EventDate "2023.01.14"]
[WhiteTeam "MK Phoenix 2"]
[BlackTeam "Chessable White Rose 3"]

{[%evp 0,94,80,48,5,26,48,-9,12,-38,2,-4,-7,3,-1,-5,9,-8,10,-47,-8,-55,-35,-52,
-17,-5,-11,-12,-10,-27,-1,-27,-24,-33,-6,0,-5,-13,-29,-48,-2,-2,4,11,-1,9,4,0,
0,0,0,0,0,0,-10,0,-9,-87,-61,-301,-270,-284,-237,-318,-324,-632,-528,-528,-750,
-750,-391,-410,-417,-401,-401,-401,-417,-417,-417,-417,-402,-438,-462,-441,
-399,-456,-456,-472,-465,-523,-477,-527,-548,-739,-720,-29987,-29988]} 1. e4 e5
2. Nf3 Nc6 3. Bb5 a6 4. Ba4 Nf6 5. d3 b5 6. Bb3 Bc5 7. O-O d6 8. h3 O-O 9. c3
h6 10. Re1 Re8 11. Nbd2 Bb6 12. Nf1 Na5 13. Bc2 c5 14. Ng3 d5 15. Qe2 d4 16.
cxd4 cxd4 17. Bd2 Nb7 18. Rec1 a5 19. a4 Bd7 20. axb5 Bxb5 21. Ba4 Bxa4 22.
Rxa4 Nc5 23. Rac4 Nb3 24. R1c2 Na1 25. Rc1 Nb3 26. R1c2 Nd7 27. Rc6 Bc5 28.
Bxh6 gxh6 29. R2xc5 Nbxc5 30. Nf5 Re6 31. Nxh6+ Kf8 32. Nxf7 Kxf7 33. Nxe5+
Rxe5 34. f4 Re6 35. Qh5+ Kg7 36. Qg4+ Kf8 37. Rxe6 Nxe6 38. Qxe6 Qe7 39. Qh6+
Ke8 40. Qh8+ Qf8 41. Qh5+ Kd8 42. Qg5+ Kc7 43. e5 Re8 44. Qg6 Nc5 45. h4 Re6
46. Qh7+ Re7 47. Qh6 Qxh6 0-1

[Event "4NCL Division Three West"]
[Site "Daventry, ENG"]
[Date "2023.01.14"]
[Round "3.55"]
[White "Burnett, Jim"]
[Black "Shaw, John S"]
[Result "1-0"]
[WhiteElo "2047"]
[BlackElo "1681"]
[PlyCount "47"]
[EventDate "2023.01.14"]
[WhiteTeam "Chessable White Rose 3"]
[BlackTeam "MK Phoenix 2"]

1. d4 d5 2. c4 c6 3. Nf3 Nf6 4. Nc3 e6 5. Bg5 h6 6. Bh4 dxc4 7. e4 b5 8. e5 g5
9. exf6 gxh4 10. Ne5 Qxf6 11. a4 Bd6 12. Ng4 Qg5 13. g3 hxg3 14. hxg3 Rg8 15.
Be2 Nd7 16. Rxh6 Nb6 17. Ne4 Bb4+ 18. Kf1 Qg7 19. Ngf6+ Kf8 20. Rh7 Rh8 21.
Rxg7 Rh1+ 22. Kg2 Rxd1 23. Rg8+ Ke7 24. Re8# 1-0

[Event "4NCL Division Three West"]
[Site "Daventry, ENG"]
[Date "2023.01.14"]
[Round "3.56"]
[White "Cox, Lucian"]
[Black "Wills, Tom"]
[Result "0-1"]
[WhiteElo "1519"]
[BlackElo "2077"]
[PlyCount "82"]
[EventDate "2023.01.14"]
[WhiteTeam "MK Phoenix 2"]
[BlackTeam "Chessable White Rose 3"]

1. e4 c5 2. d4 cxd4 3. c3 Nf6 4. e5 Nd5 5. Bc4 Qc7 6. Qc2 Nb6 7. Bb3 d3 8. Qxd3
Qxe5+ 9. Be3 e6 10. Nf3 Qc7 11. O-O Nc6 12. Nbd2 Be7 13. Rfd1 d5 14. Rac1 Bf6
15. Nd4 Ne5 16. Qe2 O-O 17. Bf4 Nbd7 18. N2f3 Nxf3+ 19. Qxf3 Qa5 20. c4 dxc4
21. Bxc4 Ne5 22. Bxe5 Qxe5 23. Qb3 Rd8 24. Nf3 Rxd1+ 25. Rxd1 Qc7 26. Nd4 a6
27. Ne2 b5 28. Bd3 Bb7 29. Rc1 Qd6 30. Ng3 Qe5 31. Rb1 Rc8 32. a4 Bc6 33. axb5
Bxb5 34. Bxb5 Qxb5 35. Qa3 Rc2 36. Ne4 Bxb2 37. Qe7 h6 38. Nd6 Qc5 39. Qxf7+
Kh7 40. g3 Qxd6 41. Re1 Rc1 0-1

[Event "4NCL Division Three West"]
[Site "Daventry, ENG"]
[Date "2023.01.14"]
[Round "3.61"]
[White "Hamer, Martyn"]
[Black "Willmoth, Robert F"]
[Result "1-0"]
[WhiteElo "2032"]
[BlackElo "2150"]
[PlyCount "149"]
[EventDate "2023.01.14"]
[WhiteTeam "Manchester Manticores"]
[BlackTeam "Barnet Knights B"]

1. d4 d6 2. Nc3 Nf6 3. Bf4 g6 4. e4 c6 5. Qd2 b5 6. a3 a6 7. Be2 Bb7 8. Nf3 Bg7
9. Rd1 O-O 10. O-O Nbd7 11. e5 Ne8 12. Rfe1 Nb6 13. h4 Nd5 14. Nxd5 cxd5 15. h5
Bc8 16. hxg6 fxg6 17. Bh6 Nc7 18. Bxg7 Kxg7 19. exd6 exd6 20. Nh2 h5 21. Bf3
Qf6 22. Re3 Bf5 23. Rde1 Rf7 24. c3 Rb8 25. Qe2 a5 26. Re7 Rbf8 27. Nf1 Be4 28.
Rxf7+ Qxf7 29. Nd2 Re8 30. Qd1 Qf5 31. Re3 Bxf3 32. Rxf3 Qg4 33. Nf1 Re4 34.
Ne3 Qe6 35. Rg3 Kh7 36. Qf3 Ne8 37. Qf8 Qf6 38. Qxf6 Nxf6 39. Kf1 Kh6 40. Nc2
g5 41. Re3 Ng4 42. Re2 Nf6 43. f3 Rxe2 44. Kxe2 g4 45. Ne3 Kg5 46. g3 Kg6 47.
b3 Kf7 48. a4 bxa4 49. bxa4 Ke6 50. fxg4 Nxg4 51. Nxg4 hxg4 52. Ke3 Kf5 53. Kd3
Kf6 54. c4 Ke6 55. Kc3 Kf5 56. c5 dxc5 57. dxc5 Ke5 58. Kd3 d4 59. c6 Kd6 60.
Kxd4 Kxc6 61. Kc4 Kd6 62. Kb5 Kd5 63. Kxa5 Kc5 64. Ka6 Kc6 65. a5 Kc7 66. Kb5
Kb7 67. Kc5 Ka6 68. Kd5 Kxa5 69. Ke5 Kb6 70. Kf4 Kc6 71. Kxg4 Kd6 72. Kf5 Ke7
73. Kg6 Kf8 74. g4 Kg8 75. g5 1-0